000
002590000a22001210004500
041
0
_a
SPA
082
0
4
_a
DVD 001
100
1
_a
Lucado, Max
245
1
0
_a
TĂș eres especial / Max Lucado
505
0
0
_a
Una historia sobre la autoestima
001
992
942
_c
LGB
999
_c
48168
_d
48168